00313nam a2200109 a 450000500170000000800410001705000180005810000170007624500420009326000310013544000370016620140414132119.0111122s19uu xx 00 eng d aERbW72E 1996 aKidd, Ronald aEeyore's lucky day /cby Ronald Kidd. bAdvance publishers,c1996. aDisney's out and about with Pooh